| 000 | 00000nam##2200000za#4500 |
| 001 | 9.557995 |
| 003 | CaOODSP |
| 005 | 20210624172150 |
| 007 | cr ||||||||||| |
| 008 | 150406|2001||||xxc|||||o f|0| 0 eng|d |
| 020 | |a0-662-31233-3 |
| 040 | |aCaOODSP|beng |
| 043 | |an-cn--- |
| 086 | 1 |aH113-11/2001-1E-IN |
| 110 | 1 |aCanada. |bPest Management Regulatory Agency. |
| 245 | 10|aStatus of NAFTA joint reviews (JR) of conventional pesticides - U.S. EPA, Canada PMRA, and Mexico CICOPLAFEST |h[electronic resource] |
| 260 | |aOttawa - Ontario : |bHealth Canada. |cNovember 2, 2001. |
| 300 | |a8p.|btables |
| 490 | 1 |aNAFTA joint review |vNAFTA-JR 2001-01 |
| 590 | |a12-01-Supp|b2012-01-13 |
| 775 | 08|tÉtat des examens conjoints de l'ALENA (EC) destinés aux pesticides ordinaires EPA (États-Unis), ARLA (Canada) et CICOPLAFEST (Mexique) |w(CaOODSP)9.590991 |
| 776 | 0#|tStatus of NAFTA Joint Reviews (JR) of Conventional Pesticides - U.S. EPA, Canada PMRA and Mexico CICOPLAFEST |w(CaOODSP)9.615818 |
| 830 | #0|aNAFTA joint review ;|vNAFTA-JR 2001-01|w(CaOODSP)9.504450 |
| 856 | 40|ahttp://publications.gc.ca|qPDF|s50 KB|uhttps://publications.gc.ca/collections/Collection/H113-11-2001-1E.pdf|yNAFTA-JR 2001-01 |